Distributed computing through combinatorial topology / (Record no. 8882)
[ view plain ]
| 000 -LEADER | |
|---|---|
| fixed length control field | 00502cam a2200157 i 4500 |
| 020 ## - ISBN | |
| International Standard Book Number | 9780124045781 (alk. paper) |
| 050 00 - LIBRARY OF CONGRESS CALL NUMBER | |
| Classification Number | QA 76.9 |
| Item Number | .D5H4 |
| 100 1# - MAIN ENTRY--Author | |
| Personal name | Herlihy, Maurice. |
| 245 10 - TITLE | |
| Title | Distributed computing through combinatorial topology / |
| Statement of responsibility, etc | Maurice Herlihy, Dmitry Kozlov, Sergio Rajsbaum. |
| 300 ## - PHYSICAL DESCRIPTION | |
| Extent | 319 pages : |
| 650 #0 - SUBJECT--TOPIC | |
| General subdivision | Distributed processing |
| -- | Mathematics. |
| 650 #0 - SUBJECT--TOPIC | |
| Topical term following geographic name as entry element | Manfold protocols |
| Form subdivision | Connectivity |
| 700 1# - ADDED ENTRY--PERSONAL AUTHOR | |
| Personal Name | Kozlov, D. N. |
| 700 1# - ADDED ENTRY--PERSONAL AUTHOR | |
| Personal Name | Rajsbaum, Sergio. |
| 942 ## - ADDED ENTRY ELEMENTS(KOHA) | |
| Source of classification or shelving scheme | Library of Congress Classification |
| Koha item type | General circulation |
| Source of classification or shelving scheme | Not for loan | Location (home branch) | Sublocation (holding branch) | Shelving location | Date accessioned | Full call number | Barcode | Koha item type |
|---|---|---|---|---|---|---|---|---|
| Library of Congress Classification | Mtito Andei Centre Library | Mtito Andei Centre Library | 14/09/2015 | QA 76.9 .D5H4 | 2015/007718 | General circulation |